Problemas de ciencia de los materiales /

Uloženo v:
Podrobná bibliografie
Hlavní autor: Varela Lafuente, Angel (autor)
Médium: Kniha
Jazyk:španělština
Témata:
Tagy: Přidat tag
Žádné tagy, Buďte první, kdo vytvoří štítek k tomuto záznamu!

MARC

LEADER 00000nam^a2200000^a^4500
001 000146483
005 20250521000000.0
009 20260310095911.807
020 |a 84-931752-4-2 
037 |a Acervo ITESO - Biblioteca 
041 |a ESP 
082 |a 620. 11232  |b VAR 
100 |a Varela Lafuente, Angel  |e (autor) 
245 1 0 |a Problemas de ciencia de los materiales /  |c A. Varela Lafuente ; 
264 |a A Coruña, España  |b Universidad de La Coruña,  |c 2001 
300 |a 273 p. 
336 |a texto  |b txt  |2 rdacontenido 
337 |a sin mediación  |b n  |2 rdamedio 
338 |a volumen  |b nc  |2 rdasoporte 
649 |a XX 
650 |a Resistencia de Materiales -  |x Problemas, Ejercicios, etc. 
650 |a Elasticidad 
650 |a Pandeo (Mecánica) 
650 |a Deformación 
650 |a Esfuerzo y Tensión 
650 |a Estabilidad Estructural 
650 |a Vigas 
650 |a Armaduras (Estructuras) 
650 |a Estructuras de Acero 
650 |a Elementos Estructurales 
650 |a Estructuras 
650 |a Equilibrio 
650 |a Materiales de Ingeniería 
650 |a Mecánica Aplicada -  |x Problemas, Ejercicios, etc 
650 |a Construcción 
650 |a Mecánica Aplicada -  |x Problemas, Ejercicios, etc 
650 |a Ingeniería Civil 
910 |a Fondo General 
920 |a Impresos - Libros 
930 |a Colección General 
905 |a 101 
901 |a 0500076028  |b IT1  |c ACC  |u 20250521 
902 |a https://opac.biblio.iteso.mx/vufind/Record/000146483